000 00592nam a2200241Ia 4500
003 OSt
005 20220912144929.0
006 a|||||r|||| 00| 0
007 ta
008 220909b |||||||| |||| 00| 0 eng d
024 _a68665
037 _cTextual
040 _aCSL
_beng
_cCSL
041 _aeng
082 _aI, J6
100 _aCoulter Merle C
245 0 _aStory of the plant kingdom
260 _aChicago
_bUniversity Press
_c1956
300 _aix,270p.
_ccm.
650 _aBotany
942 _hI, J6
_cTEXL
_2CC
999 _c19288
_d19288